01266nam a2200325 i 4500003001000000005001700010007000300027008004100030020001800071040003500089041001300124084001100137100003100148245011600179250002300295264004700318264001100365300007900376336002700455337003300482338002800515490007400543521006200617650005000679650005200729650004100781650005400822700003400876700003000910CO-BoRNBP20250219092940.0ta250219s2023 ck a|||| |||| 00| 0 spa d a9786289568943 aCO-BoRNBPbspacCO-BoRNBPerda aspahita aP TES11 aTessaro, Gekd1957-eautor10aAntes estaban los dinosaurios/cGek Tessaro; ilustraciones y texto Satoshi Kitamura; traducción, Marta Tutone aEdición especial 1aMedellín, Colombia:bA S edicionesc2023 4c©2023 a40 páginas sin numerar,bilustraciones a color, calto 23 cm ancho 30 cm 2rdacontentatextobtxt 2rdamediaasin mediaciónbn 2rdacarrieravolumenbnc aPlan Nacional de Lectura, Escritura y OralidadpMinisterio de Cultura aRecomendado para un público infantil entre 5 a 6 años172ARMARCaPoesía infantil italianavSiglo XXI172ARMARCaLiteratura infantil italianavSiglo XXI172ARMARCaDinosaurios en la literatura172ARMARCaAnimales prehistóricos en la literatura1 aKitamura, Satoshieilustrador1 aTutone, Martaetraductora